| 000 | 00484nam a22001817a 4500 | ||
|---|---|---|---|
| 003 | NUST - PNEC | ||
| 005 | 20170116181050.0 | ||
| 008 | 150929b xxu||||| |||| 00| 0 eng d | ||
| 020 | _a0705409864 | ||
| 040 | _cLIBRARY | ||
| 082 | _a909.81 TIM | ||
| 100 |
_911822 _aTime-life books |
||
| 245 |
_aThe Colonial overlords : time frame AD 1850-1900 _cTime-Life Books |
||
| 260 |
_aU.S.A. _cc1990. |
||
| 300 | _a178 p.: | ||
| 650 |
_911831 _aHistory, modem _xGeneral |
||
| 942 |
_2ddc _cBK |
||
| 999 |
_c68362 _d68362 |
||